Essendon Bombers Roster - Statistics

General Stats
  • This quiz has been taken 21 times
    12 since last reset
  • The average score is 31 of 45
Answer Stats
Hint Answer % Correct
1 Andrew McGrath
100%
3 Darcy Parish
100%
2 Jacob Farrow
100%
4 Kyle Langford
100%
21 Archie Roberts
86%
15 Dyson Sharp
86%
23 Harrison Jones
86%
11 Jade Gresham
86%
25 Jaxon Prior
86%
6 Jye Caldwell
86%
27 Mason Redman
86%
24 Nick Bryan
86%
37 Nic Martin
86%
22 Sam Durham
86%
9 Sullivan Robey
86%
28 Xavier Duursma
86%
44 Archer Day-Wicks
71%
16 Archie Perkins
71%
8 Brayden Fiorini
71%
5 ElijahTsatas
71%
10 Isaac Kako
71%
42 Jayden Nguyen
71%
14 Jordan Ridley
71%
46 Lachlan Blakiston
71%
30 Nate Caddy
71%
13 Nik Cox
71%
20 Peter Wright
71%
38 Rhys Unwin
71%
17 Vigo Visentini
71%
12 Will Setterfield
71%
7 Zach Merrett
71%
36 Angus Clarke
57%
32 Ben McKay
57%
19 Kayle Gerreyn
57%
18 Lewis Hayes
57%
29 Max Kondogiannis
57%
45 Thomas Edwards
57%
31 Zach Reid
57%
40 Zak Johnson
57%
47 Liam Mcmahon
43%
35 Matt Guelfi
43%
39 Cillian Bourke
29%
41 Saad El-Hawli
29%
26 Archer Maye
14%
33 Hussien El Archkar
14%
No matching quizzes found
Score Distribution
Percent of People with Each Score
Percentile by Number Answered
Your Score History
You have not taken this quiz since the last reset